Statistics for Bioshock 1 Locations Quizz

Click here to take the quiz!

General Stats

  • This quiz has been taken 10 times
  • The average score is 8 of 14

Answer Stats

HintAnswer% Correct
Is filled of plant lifeArcadia
89%
Produce is sold hereFarmer's Market
89%
Is called after the greek god of the seaNeptune's Bounty
89%
Location of the final battleFontaine
67%
A place of leisure and funFort Frolic
67%
Main industrial section of RaptureHephaestus
56%
Doctor Steinman's domainMedical Pavillion
56%
wealthy residential zoneOlympus Heights
44%
Atlas' family is trapped hereSmuggler's Hideout
44%
Place where you first getWelcome Center
44%
Main location of riots during the civil warApollo Square
33%
Zone where big daddies and little sisters are createdPoint Prometheus
33%
Training place of big daddiesProving Grounds
33%
Is where Andrew Ryan's office is locatedRapture Central Control
11%

Score Distribution

Percentile by Number Answered

Percent of People with Each Score

Your Score History

You have not taken this quiz